[Event "7th CHN-RUS w Rapid"]
[Site "Ningbo CHN"]
[Date "2010.08.13"]
[Round "14"]
[White "Gunina,V"]
[Black "Wang Yu A"]
[Result "1-0"]
[WhiteElo "2462"]
[BlackElo "2369"]
[EventDate "2010.08.11"]

1. d4 Nf6 2. Nf3 c5 3. d5 e6 4. c4 exd5 5. cxd5 d6 6. e4 g6 7. Bd3 Bg7 8.
O-O a6 9. Qa4+ Bd7 10. Qb3 b5 11. a4 c4 12. Bxc4 bxc4 13. Qb7 O-O 14. Qxa8
Nxe4 15. Qa7 Nc5 16. Nbd2 c3 17. bxc3 Bxc3 18. Ra3 Bb4 19. Re3 Bxa4 20. Ba3
Bxa3 21. Rxa3 f6 22. Rb1 Bb5 23. Nd4 Rf7 24. Qa8 Rf8 25. Nxb5 axb5 26. Rxb5
Qe8 27. Rb1 Nbd7 28. Qxe8 Rxe8 29. Nc4 Re4 30. Nxd6 Rd4 31. Ra8+ Kg7 32.
Ne8+ Kf7 33. Nc7 f5 34. h3 Kf6 35. Re1 Ne4 36. f3 1-0

[Event "7th CHN-RUS w Rapid"]
[Site "Ningbo CHN"]
[Date "2010.08.13"]
[Round "14"]
[White "Bodnaruk,A"]
[Black "Ju Wenjun"]
[Result "0-1"]
[WhiteElo "2397"]
[BlackElo "2496"]
[EventDate "2010.08.11"]

1. e4 c5 2. Nc3 e6 3. g3 Nc6 4. Bg2 g6 5. Nge2 Bg7 6. O-O Nge7 7. d3 d6 8.
Be3 Nd4 9. Qd2 O-O 10. f4 Rb8 11. Nd1 b5 12. c3 b4 13. c4 Nxe2+ 14. Qxe2
Nc6 15. e5 Bb7 16. Nf2 Re8 17. Ne4 dxe5 18. fxe5 Nxe5 19. Nxc5 Bxg2 20.
Kxg2 Rc8 21. Rad1 f5 22. d4 Nf7 23. b3 Qe7 24. Qf2 Rcd8 25. Rfe1 g5 26. d5
exd5 27. cxd5 Bc3 28. Bd2 Qf6 29. Ne6 Rd6 30. Bxc3 bxc3 31. Rd3 Rc8 32. Rc1
Qe5 33. Re1 c2 34. Rxe5 Nxe5 35. Rc3 Rxc3 36. Qxf5 Ng6 37. Nxg5 Rc7 38. Ne4
c1=Q 39. Nxd6 Qc2+ 0-1

[Event "7th CHN-RUS w Rapid"]
[Site "Ningbo CHN"]
[Date "2010.08.13"]
[Round "15"]
[White "Wang Yu A"]
[Black "Kosintseva,N"]
[Result "1/2-1/2"]
[WhiteElo "2369"]
[BlackElo "2551"]
[EventDate "2010.08.11"]

1. e4 c5 2. Nf3 Nc6 3. d4 cxd4 4. Nxd4 Nf6 5. Nc3 d6 6. Be2 e6 7. Be3 Bd7
8. O-O Be7 9. Kh1 O-O 10. f4 Nxd4 11. Qxd4 Bc6 12. Bf3 Qc7 13. a4 a6 14. a5
Rac8 15. f5 Rfe8 16. fxe6 fxe6 17. Qd2 Nd7 18. Bg4 Bf6 19. Bd4 Bxd4 20.
Qxd4 Ne5 21. Bh3 Qe7 22. Rf2 Rf8 23. Raf1 Rxf2 24. Rxf2 Rf8 25. Rxf8+ Kxf8
26. Ne2 g5 27. g3 Kg7 28. Bg2 Bb5 29. Nc3 Be8 30. Nd1 Qc7 31. c3 Bh5 32.
Ne3 Kf7 33. b4 Ke7 34. g4 Be8 35. Kg1 Bb5 36. h3 h6 37. Qd2 Qc8 38. Qd4 Qc7
39. Nc2 Bd3 40. Ne1 Be2 41. Kf2 Bb5 42. Kg1 Qd8 43. Nf3 Nxf3+ 44. Bxf3 e5
45. Qe3 Qc8 46. Kf2 Qc4 47. Be2 Qa2 48. Kf3 Bc6 49. Kg3 Qc2 50. Bf3 Qb1 51.
Bg2 Qd1 52. Bf3 Qc2 53. Bg2 Bb5 54. Bf3 Bc6 55. Bg2 Kf6 56. Qf2+ Qxf2+ 57.
Kxf2 Ke6 58. c4 Kd7 59. Ke3 Kc7 60. Kd3 b6 61. Kc3 Be8 62. Bf1 Bg6 63. Bd3
Be8 64. Kb3 Bd7 65. Kc3 Bc8 66. Kb3 Bd7 67. Kc3 Be6 68. Kb3 Kc6 69. Ka4 Bd7
70. b5+ Kc5 71. axb6 Kxb6 72. Kb4 Bc8 73. Be2 Bb7 74. Bd3 axb5 75. cxb5 d5
76. exd5 Bxd5 77. Bf5 Bg2 78. Kc4 Bxh3 79. Kd5 h5 80. Kxe5 Bxg4 81. Bxg4
hxg4 82. Ke4 Kxb5 83. Ke3 Kc5 84. Kf2 Kd5 85. Kg3 Ke5 86. Kxg4 Kf6 87. Kg3
Kf5 88. Kf3 g4+ 89. Kg3 Kg5 90. Kg2 Kf4 91. Kf2 g3+ 92. Kg2 Kg4 93. Kg1 Kg5
94. Kg2 Kf4 95. Kg1 1/2-1/2

[Event "7th CHN-RUS w Rapid"]
[Site "Ningbo CHN"]
[Date "2010.08.13"]
[Round "15"]
[White "Gunina,V"]
[Black "Tan Zhongyi"]
[Result "0-1"]
[WhiteElo "2462"]
[BlackElo "2461"]
[EventDate "2010.08.11"]

1. d4 Nf6 2. Nf3 g6 3. c4 Bg7 4. g3 O-O 5. Bg2 d6 6. O-O Nc6 7. Nc3 a6 8.
e3 Rb8 9. b3 Bd7 10. Qe2 Qc8 11. Bb2 Bh3 12. d5 Bxg2 13. Kxg2 Na7 14. e4 e5
15. dxe6 Qxe6 16. Nd5 Nxd5 17. cxd5 Qe7 18. Bxg7 Kxg7 19. Rac1 c5 20. e5
Rfe8 21. Rfe1 Nb5 22. Qb2 Kg8 23. Qd2 dxe5 24. Rxe5 Qd6 25. Rce1 Rxe5 26.
Rxe5 Nc7 27. h4 Re8 28. Rxe8+ Nxe8 29. Qg5 Nf6 30. h5 Nxd5 31. h6 f6 32.
Qg4 Ne7 33. Qe4 Qd7 34. Qc4+ Qd5 35. Qf4 Kf7 36. Kh2 g5 37. Qg4 Kg6 38.
Nh4+ Kxh6 39. Ng2 Nf5 40. f4 Qxg2+ 0-1

[Event "7th CHN-RUS w Rapid"]
[Site "Ningbo CHN"]
[Date "2010.08.13"]
[Round "15"]
[White "Kashlinskaya,A"]
[Black "Ju Wenjun"]
[Result "0-1"]
[WhiteElo "2352"]
[BlackElo "2496"]
[EventDate "2010.08.11"]

1. d4 Nf6 2. c4 g6 3. Nf3 Bg7 4. g3 O-O 5. Bg2 d6 6. Nc3 Nc6 7. O-O a6 8.
h3 Rb8 9. e4 b5 10. cxb5 axb5 11. Re1 b4 12. Nd5 Nd7 13. Bg5 h6 14. Be3 e6
15. Nf4 Ne7 16. Qd2 Bb7 17. d5 e5 18. Nd3 f5 19. Nxb4 fxe4 20. Nh2 Nf6 21.
Bxh6 Nexd5 22. Nxd5 Bxd5 23. Bxg7 Kxg7 24. Ng4 Nxg4 25. hxg4 Qf6 26. g5 Qf5
27. Rac1 c6 28. a4 Rb3 29. a5 Rf3 30. Rf1 Qg4 31. Rc3 Qh5 32. Re3 Rh8 33.
Rc1 Qh2+ 34. Kf1 Rb8 35. a6 Ra8 36. Qb4 Rxf2+ 37. Kxf2 Rf8+ 38. Ke1 Qxg2
39. Kd1 Rf1+ 40. Re1 Qf3+ 0-1